Thermo-Mechanical Simulation and Processing of Steels \ (Record no. 527607)
[ view plain ]
| 000 -LEADER | |
|---|---|
| fixed length control field | 00387nam a22001337a 4500 |
| 020 ## - INTERNATIONAL STANDARD BOOK NUMBER | |
| International Standard Book Number | 9788130923017 |
| Qualifying information | HC |
| 040 ## - CATALOGING SOURCE | |
| Transcribing agency | NUST |
| Modifying agency | NUST |
| 082 ## - DEWEY DECIMAL CLASSIFICATION NUMBER | |
| Classification number | 672.36 |
| Author Mark | INT |
| 100 ## - MAIN ENTRY--PERSONAL NAME | |
| Personal name | Jha,B.K. Dr. & Srikanth , S. |
| 9 (RLIN) | 18949 |
| 245 ## - TITLE STATEMENT | |
| Title | Thermo-Mechanical Simulation and Processing of Steels \ |
| Statement of responsibility, etc. | B.K. Jha |
| 260 ## - PUBLICATION, DISTRIBUTION, ETC. | |
| Place of publication, distribution, etc. | New Delhi , ; |
| Name of publisher, distributor, etc. | Viva Books, |
| Date of publication, distribution, etc. | 2013. |
| 300 ## - PHYSICAL DESCRIPTION | |
| Extent | 680 p. ; |
| Other physical details | 24 cm. |
| 942 ## - ADDED ENTRY ELEMENTS (KOHA) | |
| Source of classification or shelving scheme | |
| Koha item type | Book |
| Withdrawn status | Lost status | Source of classification or shelving scheme | Damaged status | Not for loan | Permanent Location | Current Location | Shelving location | Date acquired | Full call number | Barcode | Date last seen | Price effective from | Koha item type |
|---|---|---|---|---|---|---|---|---|---|---|---|---|---|
| School of Mechanical & Manufacturing Engineering (SMME) | School of Mechanical & Manufacturing Engineering (SMME) | General Stacks | 08/01/2019 | 672.36 INT | SMME-3458 | 08/01/2019 | 08/01/2019 | Book |
